| 000 | 01072cam a2200337 i 4500 | ||
|---|---|---|---|
| 999 |
_c200448494 _d66706 |
||
| 001 | 200448494 | ||
| 003 | TR-AnTOB | ||
| 005 | 20220407135703.0 | ||
| 007 | ta | ||
| 008 | 150825s2015 tu $r01 $$$$ tur utu | ||
| 020 | _a9789756153529 | ||
| 040 |
_aTR-AnTOB _beng _erda _cTR-AnTOB |
||
| 041 | 0 | _atur | |
| 044 | _ctu | ||
| 050 | 1 | 4 |
_aPL248.İ536 _bZ67 2015 |
| 090 | 0 | 0 |
_aPL 248.İ536 _bZ67 2015 |
| 100 | 1 |
_aGünaydın, Yusuf Turan _eauthor _9110428 |
|
| 245 | 1 | 0 |
_aM. Akif İnan bibliyografyası : _b1955-2009 / _cYusuf Turan Günaydın, Selma Günaydın. |
| 264 | 1 |
_aAnkara : _bEğitim-Bir-Sen, _c2015. |
|
| 300 |
_a272 pages ; _c24 cm |
||
| 336 |
_2rdacontent _atext _btxt |
||
| 337 |
_2rdamedia _aunmediated _bn |
||
| 338 |
_2rdacarrier _avolume _bnc |
||
| 490 | 0 |
_aEğitim-Bir-Sen Yayınları ; _v57 _aEdebiyat Dizisi ; _v15 |
|
| 500 | _aIncludes index. | ||
| 600 | 1 | 0 |
_aİnan, Mehmet Akif, _d1940-2000 _955515 |
| 653 | _aYazarlar -- Türkiye -- Bibliyografyalar | ||
| 700 |
_aGünaydın, Selma _9110329 _eauthor |
||
| 942 |
_2lcc _cBK |
||